000 00505nam a22001697a 4500
005 20251108164821.0
008 250721s1989 xx 000 0 ara d
082 1 4 _a616.12/شري
100 1 _aالشريف، عبد العزيز
245 1 0 _aالقلب و أمراضه /
264 1 _aالقاهره :
_bمركز الأهرام للترجمة و النشر،
_c1989.
300 _a92ص.
490 0 _aإعرف صحتك ؛ 1
650 1 7 _aأمراض القلب
942 _2ddc
_cBK
999 _c15062
_d15062